MARC

LEADER 00000nbm0a2200000 4500
001 52262
005 20250225063225.0
035 |a (RuTPU)RU\TPU\book\54769 
090 |a 52262 
100 |a 20030527j20030521k y0rusy50 ca 
101 0 |a rus 
102 |a RU 
105 |a a m 001zy 
200 1 |a Потенциометрическое определение форм окисления элементов с использованием метода добавок  |e диссертация на соискание ученой степени кандидата химических наук  |e Спец. 02.00.02  |f И. В. Екельчик  |g Томский государственный университет; Б. М. Марьянов 
210 |a Томск  |d 2003 
215 |a 114 л.  |c ил. 
229 |a Защищена 21.05.2003 
320 |a Библиогр.: с. 98-105 (118 назв.) 
606 1 |a Потенциометрия  |2 stltpush  |3 (RuTPU)RU\TPU\subj\50953  |9 69567 
610 1 |a аналитическая химия 
610 1 |a потенциометрический анализ 
610 1 |a редокс-потенциометрия 
610 1 |a химические измерения 
610 1 |a метод Монте-Карло 
610 1 |a метод многомерных добавок 
610 1 |a математические модели 
610 1 |a статистическое моделирование 
610 1 |a апробация 
610 1 |a приборы 
610 1 |a реактивы 
610 1 |a редоксипара 
610 1 |a погрешности 
610 1 |a комплексообразование 
610 1 |a электроды 
610 1 |a диссертации 
675 |a 543.554(04)  |v 3 
686 |a 02.00.02  |2 oksvnk 
700 1 |a Екельчик  |b И. В.  |g Ирина Владимировна 
702 1 |a Марьянов  |b Б. М.  |g Борис Михайлович  |4 727 
712 0 2 |a Томский государственный университет  |c 1917-2009  |7 ca  |8 rus  |2 stltpush  |3 (RuTPU)RU\TPU\col\397  |9 23396 
801 1 |a RU  |b 63413507  |c 20030527  |g PSBO 
801 2 |a RU  |b 63413507  |c 20150324  |g PSBO 
942 |c BK